Open Data Biblioteca Nacional de Portugal


República Portuguesa: Ministério da Cultura
Biblioteca Nacional de Portugal

Catálogo da BNP: acesso por Identificadores Unívocos
Registos Bibliográficos associados ao registo de autoridade

Etiqueta de registo: 00254nam 2200025 450
001 2284320
003 http://id.bnportugal.gov.pt/bib/catbnp/2284320
021 ## $aPT$b558518/26
100 ## $a20260414d2026 m y0pory01030103ba
101 0# $apor$aeng$afre
102 ## $aPT
105 ## $aa z 000gy
106 ## $ar
200 1# $aOn va être absolument contre$fAndrés Vaccari... [et al.]$gtrad. António Gregório... [et al.]
210 #9 $a[S.l.]$cBarco Bêbado,$dD.L. 2026
215 ## $a1 v.$cil.$d23 cm
305 ## $aEd. trilingue em português, inglês e francês
675 ## $a821.1/.8-1"19/20"$vBN$zpor$31296217
675 ## $a821.1/.8-4"19/20"$vBN$zpor$31632219
675 ## $a7.038.5A/Z"19/20"$vBN$zpor$31791563
701 #1 $aVaccari,$bAndrés$4070$31995647
702 #1 $94$aGregório,$bAntónio$4730$31839326
801 #0 $aPT$bBN$gRPC
856 41 $uhttp://rnod.bnportugal.gov.pt/ImagesBN/winlibimg.aspx?skey=&doc=2284320&img=221830&save=true
900 ## $aBIBNAC$d20260505
966 ## $lBN$mFGMON$sL. 181559 V.$x1
971 ## $cssilva$d20260414
972 ## $e0$z0$d20260505$vlrevez
973 ## $ctrodrigues$d20260427
975 ## $e0$d20260519$viquintas

OpendataBNP@bnportugal.pt | Mais informação sobre acesso aos dados BNP